Standardní a punkční dilatační tracheostomie u kriticky nemocných. Randomizovaná studie, dosavadní výsledky

Podrobná bibliografia
Hlavní autori: Bělohlávek, J. (Autor), Lukáš, Jindřich (Autor), Novák, F. (Autor), Haas, T. (Autor)
Médium: Článok
Jazyk:slovenčina
čeština
Fyzický popis:Grafy, tab.
ISSN:1210-0447
Predmet:

MARC

LEADER 00000nab a2200000 a 4500
001 vtls000880248
003 SK-MaSNL
005 20260304171910.0
008 250429c2004 xo 0 slo
015 |a SNBRB2004/08-23499 
035 |a CLN000231783 
035 |a urn:nbn:sk:snk-absup 
035 |a (urnnbn)urn:nbn:sk:snk:ar-a059et 
035 |a (uuid)25ed7110-b9f1-4205-8156-2e8aa7feb6e5 
040 |a SNKBUCL  |b slo  |c SNKBUCL  |e AACR2 
041 0 |a cze 
044 |a xo  |c SK 
080 |a 616.231-089.819.85  |2 1997 
245 0 0 |a Standardní a punkční dilatační tracheostomie u kriticky nemocných. Randomizovaná studie, dosavadní výsledky  |c J. Lukáš ... [et al.] 
246 1 1 |a Standard versus punctional dilatation tracheostomy in the critically patients. Randomized study and results 
300 |b Grafy, tab. 
504 |a Bibliogr. odkazy 
650 0 7 |a tracheostómia  |2 MESH  |9 21720 
650 0 7 |a laryngostenóza  |2 MESH  |9 1431042 
650 0 7 |a komplikácie peroperačné  |2 MESH  |9 858625 
650 0 7 |a štúdie kontrolované randomizované  |2 MESH  |9 1137119 
650 0 7 |a komplikácie pooperačné  |2 MESH  |9 839250 
650 0 7 |a intenzívna starostlivosť  |2 MESH  |9 66540 
655 7 |a články z novín a časopisov  |2 snkbucl  |9 267496 
700 1 |a Bělohlávek, J.  |4 aut  |9 1133803 
700 1 |a Lukáš, Jindřich  |4 aut  |9 642186 
700 1 |a Novák, F.  |4 aut  |9 602356 
700 1 |a Haas, T.  |4 aut  |9 1133942 
773 0 |t Choroby hlavy a krku  |g Roč. 13, č. 1 (2004), s. 5-8  |x 1210-0447 
850 |a Slovenská národná knižnica 
852 |a Slovenská národná knižnica 
954 |a odborná, vedecká literatúra cudzojazyčná (svetová)  |2 lita 
958 |a article27 
958 |a MI 
958 |a NB 
958 |a OND 
958 |a EUIPO 
992 |a RBX 
999 |c 2995474  |d 2997404